Fotossíntese (Record no. 142482)
[ view plain ]
| 000 -LÍDER | |
|---|---|
| campo de controle de tamanho fixo | 00822 a2200181 4500 |
| 001 - NÚMERO DE CONTROLE | |
| campo de controle | 142482 |
| 040 ## - FONTE DA CATALOGAÇÃO | |
| Instituição que transcreveu o registro | Leonardo Da Vinci |
| 041 ## - CÓDIGO DE IDIOMA | |
| Código do idioma do texto/trilha sonora ou título diferente | Português |
| 082 ## - CDD - CLASSIFICAÇÃO DECIMAL DE DEWEY | |
| Número de Classificação | v220 |
| 100 ## - ENTRADA PRINCIPAL--NOME PESSOAL | |
| Nome pessoal | EDUCACIONAL SHOP VIDEO |
| 245 ## - TÍTULO | |
| Título | Fotossíntese |
| 250 ## - EDIÇÃO | |
| Edição | v.1-2 |
| 260 ## - PUBLICAÇÃO, DISTRIBUIÇÃO, ETC. | |
| Nome do editor, distribuidor, etc. | ESV |
| Local de publicação, distribuição, etc. | São Paulo |
| 490 ## - TÍTULO DA SÉRIE | |
| Título da série | TV Ontario |
| 520 ## - NOTA DE RESUMO, ETC | |
| Resumo, etc. | O vídeo mostra o processo dinâmico da fotossíntese no nível<br/>molecular |
| -- | Começando com as descobertas históricas de Joseph Priestley, Jan<br/>Legennhousz e Jean Senebier. Trata da absorção da luz pelas plantas, e<br/>segue caminhos de energia até a produção de carboidratos e outros<br/>materiais orgânicos |
| 697 ## - ENTRADA DE ASSUNTO LOCAL--ENTIDADE COLETIVA (RLIN) | |
| Nome corporativo ou nome da jurisdição | Biologia |
| -- | Fotossíntese |
| -- | Plantas |
| -- | Energia |
| -- | Materiais orgânicos |
| -- | Carbono |
| -- | Luz |
| -- | Fase clara |
| -- | Fase escura |
| -- | Plantas C-3 e C-4 |
| -- | O sistema de transporte de fluído |
| 942 ## - ELEMENTOS DE ENTRADA ADICIONADOS (KOHA) | |
| Tipo de material Koha | Materiais visuais |
| Situação do descarte | Situação das perdas | Situação física | Não pode ser emprestado | Biblioteca de origem | Biblioteca atual | Data de aquisição | Total de empréstimos | Número de chamada completo | Código de barras | Data de último acesso | Data do preço efetivo | Tipo de material Koha |
|---|---|---|---|---|---|---|---|---|---|---|---|---|
| Leonardo Da Vinci - Alphaville 1 | Leonardo Da Vinci - Alphaville 1 | 27/03/2024 | v220 | A0229LVA | 27/03/2024 | 27/03/2024 | Materiais visuais |